| 000 | 00608cam a2200205 a 4500 | ||
|---|---|---|---|
| 001 | 13628392 | ||
| 005 | 20240307055546.0 | ||
| 008 | 040403s2003 ce b 100 0 eng | ||
| 020 | _a9555800863 | ||
| 040 |
_aDLC _cDLC |
||
| 082 |
_222 _a323.4. _bENF. |
||
| 245 | 0 | 0 |
_aEnforcing human rights : _btowards an egalitarian Sri Lanka / _c S. Ratnajeevan H. Hoole. |
| 260 |
_aColombo : _bInternational Centre for Ethnic Studies, _c2003. |
||
| 300 | _avi, 119 p. ; | ||
| 650 | 0 | _aHuman rights | |
| 650 | 0 | _aWhistle blowing | |
| 650 | 0 | _aAdministrative law | |
| 700 | 1 |
_aHoole, S. Ratnajeevan H. _eedt |
|
| 942 | _cL | ||
| 999 |
_c559 _d559 |
||